[Event "Charleroi op"]
[Site "Charleroi"]
[Date "2012.07.30"]
[Round "4"]
[White "Chung Choong Lon, Marc"]
[Black "Werner, Ivan"]
[Result "0-1"]
[WhiteElo "1863"]
[BlackElo "2057"]
[PlyCount "38"]
[EventDate "2012.07.28"]
[EventType "swiss"]
[EventRounds "9"]
[EventCountry "BEL"]
[SourceTitle "CBM 149 Extra"]
[Source "ChessBase"]
[SourceDate "2012.08.24"]
[SourceVersion "1"]
[SourceVersionDate "2012.08.24"]
[SourceQuality "1"]

1. c4 Nf6 2. Nc3 d5 3. cxd5 Nxd5 4. e4 Nxc3 5. dxc3 Qxd1+ 6. Kxd1 e6 7. Be3 Nd7 8. f3 b6 9. Bb5 Bb7 10. Ne2 c6 11. Ba4 0-0-0 12. Kc2 Nc5 13. Bb3 a5 14. Rad1 Be7 15. Nc1 Ba6 16. Rxd8+ Rxd8 17. Rd1 a4 18. Rxd8+ Kxd8 19. Bxc5 axb3+ 0-1

[Event "Ghent Taminco op 35th"]
[Site "Ghent"]
[Date "2012.07.14"]
[Round "1"]
[White "Solodovnichenko, Yuri"]
[Black "Chung Choong Lon, Marc"]
[Result "1-0"]
[WhiteElo "2615"]
[BlackElo "1863"]
[PlyCount "75"]
[EventDate "2012.07.14"]
[EventType "swiss"]
[EventRounds "9"]
[EventCountry "BEL"]
[SourceTitle "CBM 149 Extra"]
[Source "ChessBase"]
[SourceDate "2012.08.24"]
[SourceVersion "1"]
[SourceVersionDate "2012.08.24"]
[SourceQuality "1"]

1. e4 e6 2. d4 d5 3. Nc3 Bb4 4. a3 Bxc3+ 5. bxc3 dxe4 6. Qg4 Nf6 7. Qxg7 Rg8 8. Qh6 Nbd7 9. a4 a6 10. a5 c5 11. Ne2 b6 12. Ng3 Bb7 13. Be2 b5 14. 0-0 Rg6 15. Qd2 h5 16. Qf4 Nd5 17. Qxe4 h4 18. Bh5 hxg3 19. Bxg6 gxh2+ 20. Kh1 Qe7 21. Bh5 N7f6 22. Qe5 Nxh5 23. Qxh5 0-0-0 24. f3 Nxc3 25. Qxc5+ Qxc5 26. dxc5 Ne2 27. Re1 Ng3+ 28. Kxh2 Nf5 29. Ra3 Rh8+ 30. Kg1 Bc6 31. Rd3 Rg8 32. Kf2 Nh4 33. g3 Nf5 34. g4 Ne7 35. Rd4 Nd5 36. Rh1 Nf6 37. Rf4 Nxg4+ 38. Rxg4 1-0

[Event "Charleroi op"]
[Site "Charleroi"]
[Date "2011.08.02"]
[Round "5"]
[White "Chung Choong Lon, Marc"]
[Black "Vandecasteele, Louis"]
[Result "1/2-1/2"]
[WhiteElo "1805"]
[BlackElo "1950"]
[PlyCount "42"]
[EventDate "2011.07.30"]
[EventType "swiss"]
[EventRounds "9"]
[EventCountry "BEL"]
[SourceTitle "EXT 2012"]
[Source "ChessBase"]
[SourceDate "2011.11.24"]
[SourceVersion "1"]
[SourceVersionDate "2011.11.24"]
[SourceQuality "1"]

1. e4 e6 2. d4 d5 3. Nd2 Nf6 4. e5 Nfd7 5. Bd3 c5 6. c3 Nc6 7. Ne2 cxd4 8. cxd4 f6 9. exf6 Nxf6 10. Nf3 Bd6 11. Bf4 0-0 12. 0-0 Qc7 13. Bxd6 Qxd6 14. Ng3 Bd7 15. a3 Rae8 16. Bb5 Re7 17. Bxc6 Bxc6 18. Ne5 Bb5 19. Re1 Rc7 20. Qb3 Bc4 21. Qe3 Bb5 1/2-1/2

[Event "Charleroi op"]
[Site "Charleroi"]
[Date "2010.07.31"]
[Round "1"]
[White "Wirig, Anthony"]
[Black "Chung Choong Lon, Marc"]
[Result "1-0"]
[WhiteElo "2489"]
[BlackElo "1813"]
[PlyCount "57"]
[EventDate "2010.07.31"]
[EventType "swiss"]
[EventRounds "9"]
[EventCountry "BEL"]
[SourceTitle "CBM 137 Extra"]
[Source "ChessBase"]
[SourceDate "2010.09.01"]
[SourceVersion "1"]
[SourceVersionDate "2010.09.01"]
[SourceQuality "1"]

1. Nf3 f5 2. g3 Nf6 3. Bg2 d6 4. d4 e6 5. c4 Be7 6. Nc3 0-0 7. Qc2 Nc6 8. 0-0 a5 9. a3 e5 10. dxe5 dxe5 11. Rd1 Nd4 12. Nxd4 exd4 13. Nd5 Bc5 14. Bg5 c6 15. Bxf6 Rxf6 16. Nxf6+ Qxf6 17. b3 Be6 18. Qb2 Rf8 19. b4 Bd6 20. c5 Be5 21. f4 Bc7 22. Qxd4 Qf7 23. Rab1 Qg6 24. b5 Rd8 25. Qxd8+ Bxd8 26. Rxd8+ Kf7 27. bxc6 bxc6 28. Rb7+ Kf6 29. Rf8+ 1-0